| 000 | 01004nam a2200265Ia 4500 | ||
|---|---|---|---|
| 003 | OSt | ||
| 005 | 20221005104841.0 | ||
| 006 | a|||||r|||| 00| 0 | ||
| 007 | ta | ||
| 008 | 221004b |||||||| |||| 00| 0 hin d | ||
| 020 |
_a8174531149 (hbk) _c600 |
||
| 024 | _a101857 | ||
| 037 |
_b408, 23/03/2010, Swaraj Prakashan _cTextual |
||
| 040 |
_aCRL _cCRL _bhin |
||
| 041 |
_2hin _ahin |
||
| 082 | _aQ8441xK66:g, P5 | ||
| 100 | _aसिंगला, ममता | ||
| 245 | 0 | _aगुरू गोबिन्द सिंह के काव्य में जातीय संघर्ष | |
| 246 | _aGurū gobinda sianha ke kāvya mean jātīya sangharṣha | ||
| 260 |
_aदिल्ली _bसंजय प्रकाशन भारत _c2005 |
||
| 300 |
_a363पृ0 _ccm. |
||
| 650 | _aधर्मशास्त्र | ||
| 942 |
_hQ8441xK66:g, P5 _cTEXL _2cc |
||
| 999 |
_c1013978 _d1013978 |
||